Zlodějská přísaha /
Pokračování dobrodružně romantického fantasy příběhu o bývalé zlodějce Kazi a králi Jasovi.
Uloženo v:
| Série: | Zlodějský tanec,
část 2 |
|---|---|
| Hlavní autor: | |
| Další autoři: | |
| Médium: | E-kniha |
| Jazyk: | Czech |
| Vydáno: |
V Praze :
CooBoo,
2020
|
| Vydání: | 1. vydání |
| Témata: | |
| Příbuzné jednotky: | Z cyklu::
Zlodějský tanec |
| Tagy: |
Žádné tagy |
| LEADER | 02771cam a2200541 i 4500 | ||
|---|---|---|---|
| 001 | 302828 | ||
| 003 | CZ PrSKC | ||
| 005 | 20260515063232.0 | ||
| 007 | ta | ||
| 008 | 200304s2020 xr d 000 f cze d | ||
| 015 | |a cnb003178915 | ||
| 020 | |a 9788075449580 |q (vázáno) : |c Kč 369,00 | ||
| 035 | |a (OCoLC)1200248573 | ||
| 040 | |a OSA001 |b cze |d ABG001 |d ABA001 |e rda | ||
| 041 | 1 | |a cze |h eng | |
| 072 | 7 | |a 821.111(73)-3 |x Americká próza |2 Konspekt | |
| 072 | 7 | |a 821-93 |x Literatura pro děti a mládež (beletrie) |2 Konspekt | |
| 080 | |a 821.111(73)-31 |2 MRF | ||
| 080 | |a 821-93-053.67 |2 MRF | ||
| 080 | |a 821-93 |2 MRF | ||
| 080 | |a (0:82-312.9) |2 MRF | ||
| 100 | 1 | |a Pearson, Mary |q (Mary E.), |d 1955- |7 xx0214018 |4 aut | |
| 240 | 1 | 0 | |a Vow of thieves. |l Česky |
| 245 | 1 | 0 | |a Zlodějská přísaha / |c Mary E. Pearsonová ; přeložila Jana Jašová |
| 250 | |a 1. vydání | ||
| 264 | 1 | |a V Praze : |b CooBoo, |c 2020 | |
| 300 | |a 413 stran ; |c 21 cm | ||
| 336 | |a text |b txt |2 rdacontent | ||
| 337 | |a bez média |b n |2 rdamedia | ||
| 338 | |a svazek |b nc |2 rdacarrier | ||
| 500 | |a Přeloženo z angličtiny | ||
| 520 | 2 | |a Pokračování dobrodružně romantického fantasy příběhu o bývalé zlodějce Kazi a králi Jasovi. |b Kazi a Jase se vracejí domů jako manželé, Kazi s obavami, co tomu řekne Jasova rodina. Když se s Ballengerovými viděla naposled, zradila jejich důvěru a bojí se, že nebude snadné získat ji zpět. Novomanžele však čeká něco mnohem horšího než nesouhlas příbuzenstva. Jsou přepadeni, rozděleni a ani jeden z nich neví, je-li ten druhý vůbec naživu. Oba musí čelit mnoha příkořím, zradám a bolesti, aby se znovu mohli setkat a zachránit království před uzurpátorem. | |
| 655 | 7 | |a americké romány |7 fd131796 |2 czenas | |
| 655 | 7 | |a fantasy romány |7 fd184199 |2 czenas | |
| 655 | 7 | |a literatura young adult |7 fd1185572 |2 czenas | |
| 655 | 7 | |a publikace pro mládež |7 fd133157 |2 czenas | |
| 655 | 9 | |a American fiction |2 eczenas | |
| 655 | 9 | |a fantasy novels |2 eczenas | |
| 655 | 9 | |a young adult literature |2 eczenas | |
| 655 | 9 | |a juvenile literature |2 eczenas | |
| 700 | 1 | |a Jašová, Jana, |d 1968- |7 jo20000080723 |4 trl | |
| 787 | 0 | 8 | |i Z cyklu: |t Zlodějský tanec |g 2 |
| 900 | |a ABA001 |b 20 | ||
| 928 | 9 | |a Albatros Media - CooBoo | |
| 044 | |a xr | ||
| 910 | |a RBIT002 | ||
| 998 | |d 204208 |a https://core.palmknihy.cz/api/books/204208/cover?tf10ww |b https://core.palmknihy.cz/api/books/204208/cover/400?tf10ww |c https://core.palmknihy.cz/api/books/204208/cover/50?tf10ww |e 2029-08-17 |g 416 |i 9788075449580 |j https://core.palmknihy.cz/api/books/204208/preview.epub |k https://core.palmknihy.cz/api/books/204208/preview.pdf |l |q 49 |r 1 |s https://www.palmknihy.cz/kniha/204208 |t ebook |y 2020 |z 0 |v Zlodějský tanec |w 2 | ||
| 999 | |d 302826 | ||